| 000 | 00582nam a2200193Ia 4500 | ||
|---|---|---|---|
| 003 | OSt | ||
| 005 | 20191226103625.0 | ||
| 008 | 190216s9999||||xx |||||||||||||| ||und|| | ||
| 020 | _a9780070662193 | ||
| 040 | _coclc | ||
| 082 |
_a330.0151 _bCHI/F |
||
| 100 |
_aChiang, Alpha C _9767 |
||
| 245 | 0 |
_aFundamental Methods Of Mathematical Economics / _cAlpha C Chiang |
|
| 250 | _a3rd ed. | ||
| 260 |
_bMcgraw-Hill International Edition, _c1984. _aSingapore: |
||
| 300 | _a788 p | ||
| 650 | _aEconomics | ||
| 942 |
_cBK _2ddc _h330.0151 _iCHI/F _k330.0151 _mCHI/F |
||
| 999 |
_c10145 _d10145 |
||